Taylor Swift - Mort Subite - Statistiques

Statistiques générales
  • Ce quiz a été pris 874 fois
  • Le résultat moyen est 12 sur 21
Answers on the Grid
Answers color-coded by a green-red scale on the quiz's grid according to % correct below.
Changing myself for you
Carolina
Thug Story
Forever mine
Mine
Forever and always
That’s When
Sweeter Than Fiction
Sweet Nothing
In the Labyrinth
Labyrinth
Change
Never Grow Up
I Can Do It With A Crushed Heart
This Love
Ronan
Say Don’t Go
Long love
Long live
Long Story Short
Love Story
Did you really think this through ?
Now I’m Down Bad
Down Bad
Thank you Aimee
thanK you aIMee
Don’t you
Did you ?
Sparks Fly
Speak Now
 
Statistiques - réponses
Réponse % Correct
Love Story
80%
Mine
80%
Sweet Nothing
73%
Say Don’t Go
69%
Never Grow Up
68%
Labyrinth
66%
This Love
64%
Long live
63%
Forever and always
60%
Down Bad
58%
Long Story Short
57%
Ronan
57%
Speak Now
55%
Sweeter Than Fiction
54%
Carolina
52%
Change
51%
Sparks Fly
49%
That’s When
46%
thanK you aIMee
44%
Thug Story
35%
Don’t you
32%
Aucun quiz correspondant
Distribution des résultats
% des personnes avec chaque résultat
Percentile par nombre de réponses
Votre historique - résultats
Vous n’avez pas pris ce quiz